| 000 | 00365nam a22001337a 4500 | ||
|---|---|---|---|
| 020 | _a978-81-7655-810-5 | ||
| 082 |
_a823 _bROY/S |
||
| 100 | _aGHATAK, VIVEKANANDA ROY | ||
| 245 |
_aSMALL PIGLET LOOKS FOR MOMMY _bABOUT ANIMAL BABIES |
||
| 250 | _aFIRST EDITION | ||
| 260 |
_aNEW YORK _bSCHOLASTIC _c2007 |
||
| 650 |
_aCHILDREN'S STORY BOOK _zUNITED STATES |
||
| 942 | _cBK | ||
| 999 |
_c5629 _d5629 |
||